El cuadro como documento histórico : (Record no. 33039)

MARC details
000 -LEADER
campo de control de longitud fija 01195nam a2200289 i 4500
001 - NÚMERO DE CONTROL
campo de control 33039
003 - IDENTIFICADOR DE NÚMERO DE CONTROL
campo de control ES-MaACL
005 - FECHA Y HORA DE LA ÚLTIMA TRANSACCIÓN
campo de control 20260324151256.0
007 - CAMPO FIJO DE DESCRIPCIÓN FÍSICA--INFORMACIÓN GENERAL
campo de control de longitud fija t|
008 - DATOS DE LONGITUD FIJA--INFORMACIÓN GENERAL
campo de control de longitud fija 030201s1922 sp |||| | spa d
040 ## - FUENTE DE CATALOGACIÓN
Centro/agencia transcriptor ES-MaACL
080 ## - NÚMERO DE LA CLASIFICACIÓN DECIMAL UNIVERSAL
Número de la Clasificación Decimal Universal 94(100)(0:7)
100 1# - ENTRADA PRINCIPAL--NOMBRE DE PERSONA
Nombre de persona Beruete y Moret, Aureliano de,
Fechas asociadas al nombre 1876-1922
Término indicativo de función/relación Autor
9 (RLIN) 149326
245 13 - MENCIÓN DEL TÍTULO
Título El cuadro como documento histórico :
Resto del título discurso que fue presentado por Aureliano de Beruete y Moret para su recepción en la Real Academia de la Historia ; y contestación de Julio Puyol y Alonso.
260 ## - PUBLICACIÓN, DISTRIBUCIÓN, ETC.
Lugar de publicación, distribución, etc. Madrid :
Nombre del editor, distribuidor, etc. Blass,
Fecha de publicación, distribución, etc. 1922.
300 ## - DESCRIPCIÓN FÍSICA
Extensión 51 páginas ;
Dimensiones 27 cm.
530 ## - NOTA DISPONIBLE DE FORMULARIO FÍSICO ADICIONAL
Nota de formato físico adicional disponible Disponible en formato digital
650 #4 - PUNTO DE ACCESO ADICIONAL DE MATERIA--TÉRMINO DE MATERIA
Término de materia o nombre geográfico como elemento de entrada Historia-
Subdivisión general En el arte.
9 (RLIN) 172183
650 #7 - PUNTO DE ACCESO ADICIONAL DE MATERIA--TÉRMINO DE MATERIA
Término de materia o nombre geográfico como elemento de entrada Arte e historia
Fuente del encabezamiento o término embne
9 (RLIN) 10181
700 1# - ENTRADA AGREGADA--NOMBRE PERSONAL
Nombre de persona Puyol y Alonso, Julio,
Fechas asociadas al nombre 1865-1937
9 (RLIN) 94454
Término indicativo de función/relación Autor
710 2# - ENTRADA AGREGADA--NOMBRE DE ENTIDAD CORPORATIVA
Nombre de entidad corporativa o nombre de jurisdicción como elemento de entrada Real Academia de la Historia (España)
9 (RLIN) 6309
852 ## - LOCALIZACIÓN
Ubicación ES-MaACL
Ubicación en estantería Depósito folletos
Número de control de estantería 1639-F-4
itemnumber 34265
Nota libre Revisado enlace: 02 de Abril de 2025
856 4# - LOCALIZACIÓN Y ACCESO ELECTRÓNICOS
Identificador Uniforme de Recursos <a href="https://bvpb.mcu.es/es/consulta/registro.do?id=605390">https://bvpb.mcu.es/es/consulta/registro.do?id=605390</a>
Texto de enlace Biblioteca Virtual del Patrimonio Bibliográfico
942 ## - ELEMENTOS DE ENTRADA SECUNDARIOS (KOHA)
Tipo de ítem Koha Folleto
Suprimir en OPAC No
Holdings
Estatus retirado Estado de pérdida Estado de daño No para préstamo Colección Biblioteca de origen Biblioteca actual Ubicación en estantería Fecha de adquisición Fuente de adquisición Total de préstamos Signatura topográfica completa Código de barras Visto por última vez Precio de reemplazo Tipo de ítem Koha
        Colección de folletos Biblioteca del Ateneo de Madrid Biblioteca del Ateneo de Madrid Depósito folletos 17/01/2008     1639-F-4 1034339 23/02/2023 23/02/2023 Folleto